| 000 | 00806nam a22002775a 4500 | ||
|---|---|---|---|
| 001 | 15529545 | ||
| 003 | OSt | ||
| 005 | 20210903115809.0 | ||
| 008 | 081120s2009 nyu 000 0 eng | ||
| 010 | _a 2008942137 | ||
| 020 | _a9783540929154 (hardcover : alk. paper) | ||
| 038 | _akhadija | ||
| 040 |
_aDLC _cDLC |
||
| 082 |
_a006.3 _bHUM |
||
| 100 | 1 |
_aBargiela, Andrzej. _982118 |
|
| 245 | 1 | 0 |
_aHuman-centric Information Processing through Granular Modelling / _cAndrzej Bargiela, Witold Pedrycz. |
| 250 | _a1st ed. | ||
| 260 |
_aNew York : _bSpringer, _c2009. |
||
| 263 | _a0902 | ||
| 300 | _ap. cm. | ||
| 490 | 0 |
_aStudies in computational intelligence ; _v182 |
|
| 563 | _ahardcover | ||
| 906 |
_a0 _bibc _corignew _d2 _eepcn _f20 _gy-gencatlg |
||
| 942 |
_2ddc _cBK |
||
| 999 |
_c31918 _d31918 |
||